00492nam a2200157Ia 450000500170000000800410001708200130005824500200007126000450009130000130013650000510014970000200020094200060022095200950022699900130032120250429073103.0240331s9999 xx 000 0 und d a294bNAA 0aNaatar samygal  aKodampagambThannaanne Pathippagamc2002 a158 p ., aNaataar saamikal Thodarbana vivara katooraigal aArazuu.V. eedt cL 001040708LaWERCLbWERCLcSSCd2024-03-31l0o 294 NAAp4969r2024-03-31w2024-03-31yL c963d963